000
00307nam a2200109Ia 4500
008
220204s9999 xx 000 0 und d
082
_a
330.1
_b
GAN
100
_a
GANGULI, B N
245
0
_a
Indian economic thought: Nineteenth centrury perspectives
260
_a
New Delhi
_b
Tata McGraw Hill
_c
1978
942
_c
BK
999
_c
33110
_d
33110